Witamy w Bibliotece Naukowej Instytutu Łączności!

Rešenie inženernyh zadač na ÈVM : (Rekord nr 18379)

000 -LEADER
fixed length control field 01098cam a2200277 i 4500
005 - DATE AND TIME OF LATEST TRANSACTION
control field 20171212141644.0
008 - FIXED-LENGTH DATA ELEMENTS--GENERAL INFORMATION
fixed length control field 050906s1982 ru a f |001 0 rusoc
035 ## - SYSTEM CONTROL NUMBER
System control number zz2005810551
039 #9 - LEVEL OF BIBLIOGRAPHIC CONTROL AND CODING DETAIL [OBSOLETE]
Level of rules in bibliographic description 201706051333
Level of effort used to assign nonsubject heading access points kopilwa
Level of effort used to assign subject headings 201312040710
Level of effort used to assign classification kopul
Level of effort used to assign subject headings 201306211319
Level of effort used to assign classification kopub
Level of effort used to assign subject headings 201010131255
Level of effort used to assign classification vpgd
-- 200509061722
-- vbuw
040 ## - CATALOGING SOURCE
Original cataloging agency WA U/80ACH
Transcribing agency WA U/ACH
Modifying agency WA U/MW
-- WA U/80HRs
041 1# - LANGUAGE CODE
Language code of text/sound track or separate title rus
Language code of original and/or intermediate translations of text eng
100 1# - MAIN ENTRY--PERSONAL NAME
Personal name Shoup, Terry E.
Dates associated with a name (1944- ).
245 10 - TITLE STATEMENT
Title Rešenie inženernyh zadač na ÈVM :
Remainder of title praktičeskoe rukovodstvo /
Statement of responsibility, etc T. Šup ; perevod s angl. V. A. Hohrâkova pod red. V. B. Minosceva.
246 1# - VARYING FORM OF TITLE
Display text Tyt. oryg.:
Title proper/short title Practical guide to computer methods for engineers
260 ## - PUBLICATION, DISTRIBUTION, ETC. (IMPRINT)
Place of publication, distribution, etc Moskva :
Name of publisher, distributor, etc Mir,
Date of publication, distribution, etc 1982.
300 ## - PHYSICAL DESCRIPTION
Extent 235, [5] s. :
Other physical details rys. ;
Dimensions 22 cm.
504 ## - BIBLIOGRAPHY, ETC. NOTE
Bibliography, etc Bibliogr. przy rozdz. Indeks.
650 ## - SUBJECT ADDED ENTRY--TOPICAL TERM
Topical term or geographic name as entry element Analiza numeryczna
General subdivision zastosowania przemysłowe.
700 1# - ADDED ENTRY--PERSONAL NAME
Personal name Hohrâkov, V. A.
Relator term Tł.
700 1# - ADDED ENTRY--PERSONAL NAME
Personal name Minoscev, V. B.
Relator term Red.
961 ## -
-- WA_310 WA_72
970 ## -
-- WA_U
971 ## -
-- L_U
979 ## -
-- BSTOK_U

Brak dostępnych egzemplarzy.

Działa dzięki Koha